Principles & Industrial Applications of: Pharmacokinetics & Biopharmaceutics (Record no. 8830)

MARC details
000 -LEADER
fixed length control field 00504nam a22001817a 4500
003 - CONTROL NUMBER IDENTIFIER
control field OSt
008 - FIXED-LENGTH DATA ELEMENTS--GENERAL INFORMATION
fixed length control field 200711b ||||| |||| 00| 0 eng d
020 ## - INTERNATIONAL STANDARD BOOK NUMBER
International Standard Book Number 9788190693554
082 ## - DEWEY DECIMAL CLASSIFICATION NUMBER
Classification number 615.7 HAP
100 ## - MAIN ENTRY--PERSONAL NAME
Personal name Harle Uday.N
245 ## - TITLE STATEMENT
Title Principles & Industrial Applications of: Pharmacokinetics & Biopharmaceutics
250 ## - EDITION STATEMENT
Edition statement 2019
260 ## - PUBLICATION, DISTRIBUTION, ETC. (IMPRINT)
Place of publication, distribution, etc N Delhi
Name of publisher, distributor, etc Nirali Prakashan
Date of publication, distribution, etc 2019
300 ## - PHYSICAL DESCRIPTION
Extent 13.8
650 ## - SUBJECT ADDED ENTRY--TOPICAL TERM
Topical term or geographic name as entry element Biopharmaceutical and Pharmacokintics
700 ## - ADDED ENTRY--PERSONAL NAME
Personal name Gaikwad,Naresh J
942 ## - ADDED ENTRY ELEMENTS (KOHA)
Source of classification or shelving scheme Dewey Decimal Classification
Koha item type Text Books
Holdings
Withdrawn status Lost status Source of classification or shelving scheme Damaged status Not for loan Collection code Home library Current library Date acquired Source of acquisition Currency Cost, normal purchase price Bill Number Total Checkouts Full call number Acc. no. / Barcode Date last seen Actual Cost, discounted price Bill Date Koha item type
    Dewey Decimal Classification     B.Pharma PIET C-LIBRARY PIET C-LIBRARY 01/02/2020 Kirti Prakashan Indian Rup 410.00 IN6233   615.7 HAP BP1177 11/07/2020 303.40 01/02/2020 Text Books
    Dewey Decimal Classification     B.Pharma PIET C-LIBRARY PIET C-LIBRARY 01/02/2020 Kirti Prakashan Indian Rup 410.00 IN6233   615.7 HAP BP1178 11/07/2020 303.40 01/02/2020 Reference Books

Design & Developed by: PIET Central Library
R70 Miles Stone Pattikalyana Samalkha Panipat 132102
mail ID :- [email protected], Phone No:- 0180-2569700 Ex.216